000
00288 a2200145 4500
001
59254
020
_a
8574026832
040
_c
Anchieta - Pituba
240
1
0
_a
Sergei Prokofiev
_l
por
245
1
0
_a
Sergei Prokofiev
300
_a
53
362
0
_a
2005
650
4
_a
Música
942
_c
BK
999
_c
59254
_d
59254